| 000 | 01335nam a2200301 a 4500 | ||
|---|---|---|---|
| 001 | sjdsz9livm b1142658 | ||
| 003 | sjds | ||
| 005 | 20251115023556.0 | ||
| 008 | 030331s2003 miu e 000 eng d | ||
| 010 | _a02154461 | ||
| 020 | _a0310228646 | ||
| 040 |
_aLIV _beng _cLIV |
||
| 041 | _aeng | ||
| 050 |
_aBV625 _b.O78 2003 |
||
| 090 | _a248.4 ORT | ||
| 100 | 1 | _aOrtberg, John. | |
| 245 | 1 | 0 |
_aEverybody's normal till you get to know them / _cJohn Ortberg. |
| 260 |
_aGrand Rapids, MI : _bZondervan Publishing Company, _c2003. |
||
| 264 | 1 |
_aGrand Rapids, MI : _bZondervan Publishing Company, _c2003. |
|
| 300 |
_a248 pages ; _c23 cm. |
||
| 336 |
_atext _btxt _2rdacontent. |
||
| 337 |
_aunmediated _bn _2rdamedia. |
||
| 338 |
_avolume _bnc _2rdacarrier. |
||
| 504 | _aIncludes bibliographical references. | ||
| 505 | _aThe porcupine's dilemma -- The wonder of oneness -- The fellowship of the mat: true friendship -- Unveiled faces: authenticity -- Put down your stones: acceptance -- The art of reading people: empathy -- Community is worth fighting for: conflict -- Spiritual surgery: forgiveness -- The gift nobody wants: confrontation -- Breaking down barriers: inclusion -- The secret of a loving heart: gratitude -- Normal at last: heaven. | ||
| 650 | 0 |
_aCommunities _xReligious aspects _xChristianity. |
|
| 942 | _cBK | ||
| 999 |
_c31156 _d31154 |
||